Golden Globe Best Actor - Musical or Comedy Movies - Statistics

General Stats
  • This quiz has been taken 25 times
  • The average score is 36 of 75
Answer Stats
Year Actor Movie % Correct
1997 Jack Nicholson As Good as It Gets
81%
1988 Tom Hanks Big
81%
2014 Michael Keaton Birdman or The Unexpected Virtue of Ignorance
81%
2006 Sacha Baron Cohen Borat
81%
2012 Hugh Jackman Les Miserables
81%
2007 Johnny Depp Sweeney Todd: The Demon Barber of Fleet Street
81%
2011 Jean Dujardin The Artist
81%
1994 Hugh Grant Four Weddings and a Funeral
76%
1987 Robin Williams Good Morning, Vietnam
76%
2016 Ryan Gosling La La Land
76%
2003 Bill Murray Lost in Translation
76%
1964 Rex Harrison My Fair Lady
71%
2019 Taron Egerton Rocketman
71%
2023 Paul Giamatti The Holdovers
71%
2021 Andrew Garfield Tick, Tick... Boom!
71%
2002 Richard Gere Chicago
67%
2004 Jamie Foxx Ray
67%
2022 Colin Farrell The Banshees of Inisherin
67%
2015 Matt Damon The Martian
67%
2001 Gene Hackman The Royal Tenenbaums
67%
2018 Christian Bale Vice
67%
1989 Morgan Freeman Driving Miss Daisy
62%
1996 Tom Cruise Jerry Maguire
62%
1959 Jack Lemmon Some Like it Hot
62%
1960 Jack Lemmon The Apartment
62%
1982 Dustin Hoffman Tootsie
62%
2005 Joaquin Phoenix Walk the Line
62%
2008 Colin Farrell In Brudges
57%
2017 James Franco The Disaster Artist
57%
2013 Leonardo DiCaprio The Wolf of Wall Street
57%
2024 Sebastain Stan A Different Man
52%
1965 Lee Marvin Cat Ballou
52%
1986 Paul Hogan Crocodile Dundee
52%
1993 Robin Williams Mrs. Doubtfire
52%
1952 Donald O'Connor Singin' in the Rain
52%
1954 James Mason A Star is Born
48%
1976 Kris Kristofferon A Star is Born
48%
1979 Peter Sellers Being There
48%
2020 Sacha Baron Cohen Borat Subsequent Moviefilm
48%
1971 Topol Fiddler on the Roof
48%
1995 John Travolta Get Shorty
48%
1999 Jim Carey Man on the Moon
48%
2000 George Clooney O Brother, Where Art Thou?
48%
1977 Richard Dreyfuss The Goodbye Girl
48%
1981 Dudley Moore Arthur
43%
1974 Art Carney Harry and Tonto
43%
2009 Robert Downey Jr. Sherlock Holmes
43%
1991 Robin Williams The Fisher King
43%
1990 Gerard Depardieu Green Card
38%
1978 Warren Beatty Heaven Can Wait
38%
1992 Tim Robbins The Player
38%
1966 Alan Arkin The Russians Are Coming, the Russians Are Coming
38%
1975(TIE) George Burns & Walter Matthau (SAME MOVIE) The Sunshine Boys
38%
1962 Marcello Mastroianni Divorce Italian Style
33%
1983 Michael Caine Educating Rita
33%
1968 Ron Moody Oliver!
33%
1985 Jack Nicholson Prizzi's Honor
33%
1956 Cantinflas Around the World in 80 Days
29%
1972 Jack Lemmon Avanti!
29%
1998 Michael Caine Little Voice
29%
2010 Paul Giamatti Barney's Version
24%
1967 Richard Harris Camelot
24%
1970 Albert Finney Scrooge
24%
1973 George Segal A Touch of Class
19%
1969 Peter O'Toole Goodbye, Mr. Chips
19%
1984 Dudley Moore Micki & Maude
19%
1957 Frank Sinatra Pal Joey
19%
1953 David Niven The Moon is Blue
19%
1955 Tom Ewell The Seven Year Itch
19%
1958 Danny Kaye Me and the Colonel
14%
1951 Danny Kaye On the Riviera
14%
1961 Glenn Ford Pocketful of Miracles
14%
1980 Ray Sharkey The Idolmaker
14%
1950 Fred Astaire Three Little Words
14%
1963 Alberto Sordi To Bed or Not to Bed
14%
No matching quizzes found
Score Distribution
Percent of People with Each Score
Percentile by Number Answered
Your Score History
You have not taken this quiz